| 000 | 00466nam a22001697a 4500 | ||
|---|---|---|---|
| 999 |
_c524884 _d524884 |
||
| 003 | NUST | ||
| 038 | _awaseem | ||
| 082 |
_a891.42 _bTAH |
||
| 100 |
_aTahie, Ahsan Ullah _915682 |
||
| 245 |
_aChanan De Najara / _cTahir, Ahsan Ullah |
||
| 260 |
_aGujranwala : _bWaris Preet Parwar, _c2011. |
||
| 300 | _a336 p. ; | ||
| 500 | _aHardcover. | ||
| 880 |
_6100-01\r _aاحسان اللہ طایر |
||
| 880 |
_6245-02\r _aچانن دا ونجارا / |
||
| 942 |
_2ddc _cBK |
||